000 00430nam a2200169Ia 4500
008 230524s9999 xx 000 0 und d
020 _a9780074622100
082 _a620.001
_bKRI
100 _aC.S Krishnamoorthy
_941476
245 0 _aFinite Element Analysis Theory & Programming
250 _a2
260 _aNew Delhi
_bMGH
_c2015
300 _a"xvi,704p;"
500 _aQuantity Number: 1
650 _aCivil
942 _cBK
999 _c55748
_d55748